Normal view
MARC view
- Paz, Senel,
Entry Nombre Personal
001 - NUMERO DE CONTROL
- campo de control: 34208
003 - IDENTIFICADOR DE NUMERO DE CONTROL
- campo de control: UPN
005 - FECHA Y HORA DE LA ÜLTIMA TRANSACCIÓN
- campo de control: 20210219194450.0
008 - DATOS DE LONGITUD FIJA
- campo de control de longitud fija: nabaccnnaabn|||||||||| b |nc|||||d
035 ## - NUMERO DE CONTROL
- Número de control: UPN11000006315
040 ## - FUENTE DE CATALOGACIÓN
- Lenguaje de catalogación: SPA
- Agencia de transcripción: UPN
053 #4 - NÚMERO DE CLASIFICACIÓN LC
- Número de clasificación elemento-número único o número inicial de tramo: PQ7390 P3.9
100 1# - ENCABEZAMIENTO - NOMBRE PERSONAL
- Nombre personal: Paz, Senel,
- Fechas asociadas con el nombre: 1950-
400 1# - VEÁSE - NOMBRE DE PERSONA
- Personal name: Paz Martínez, Arsenio Senel,
- Dates associated with a name: 1950-
670 ## - FUENTE EN LA QUE SE LOCALIZARON DATOS
- Cita de la fuente: T
- Uniform Resource Identifier: http://www.cubarte.cult.cu/paginas/personalidades/quienesquien.detalles.php?pid=261
680 ## - NOTA PUBLICA DE ACCESO PÚBLICO
- Frase explicativa de la referencia: Narrador, guionista de cine, periodista y docente cubano
902 ## - CATALOGADOR
- Catalogador: MITM/031013
